| 000 | 00511nam a22001577a 4500 | ||
|---|---|---|---|
| 020 | _qHard Cover | ||
| 082 | _aMS-IT-9 | ||
| 100 | _aSarmad Jadoon | ||
| 245 |
_aOntological Based data Mediation for HL7 V2,4 HL7 V3 Transformation _cSarmad Jadoon |
||
| 260 |
_aIslamabad _bSEECS-NUST _c2012. |
||
| 300 |
_a94p. _c30cm. |
||
| 700 | _955404 | ||
| 856 | _uhttp://10.250.8.41:8080/xmlui/handle/123456789/13673 | ||
| 942 |
_2ddc _cTHE |
||
| 999 |
_c566258 _d566258 |
||